000 00455nam a22001697a 4500
005 20180604111336.0
008 160616b xxu||||| |||| 00| 0 eng d
020 _a978-81-317-2222-0
041 _aeng
082 _b8000
_a519.5
100 _aRICHARD .A.JOHNSON AND DEAN W. WICHERN
_94326
245 _aApplied Multivariate statistical analysis
260 _aDelhi
_bpearson education
_c2003
300 _a776
650 _aManagement
_9241
942 _cBK
999 _c2969
_d2968